| 000 | 01311nam a22002777a 4500 | ||
|---|---|---|---|
| 005 | 20170124103155.0 | ||
| 010 | _aA-777118 | ||
| 020 | _c10.00 | ||
| 035 | _aA-777118 | ||
| 037 | _bCen Lib/Ret | ||
| 040 |
_aDPL _bHN |
||
| 082 |
_a891.499108 _bसम्याल |
||
| 100 |
_aशर्मा, चम्पा _9112963 |
||
| 245 |
_aरघुनाथ सिंह सम्याल / _cचम्पा शर्मा |
||
| 246 |
_aRaghunath Singh Samyal / _bby Champa Sharma |
||
| 260 |
_aनयी दिल्ली _bसाहित्य अकादेमी _c1991 |
||
| 270 |
_aरविन्द्र भवन , 35 फ़ीरोज़शाह मार्ग _bनयी दिल्ली _e110001 |
||
| 300 |
_a92पृ. _c21सेमी(सजिल्द) |
||
| 490 | _aभारतीय साहित्य के निर्माता | ||
| 500 | _aअनुक्रमणिका शामिल | ||
| 650 |
_aरघुनाथ सिंह सम्याल--समाज सुधारक _989300 |
||
| 650 |
_aकाव्य--कला और सर्जना _989301 |
||
| 650 |
_aRaghunath Singh Samyal--Social reformer _989302 |
||
| 650 |
_aPoetry--Art and creativity _983141 |
||
| 942 |
_2ddc _cHN _h891.499108 _mसम्याल |
||
| 999 |
_c120239 _d120239 |
||